| 000 | 01193aam a2200445 4500 | ||
|---|---|---|---|
| 005 | 20250612135008.0 | ||
| 008 | 150423b2015 xxu||||| |||| 00| 0 spa d | ||
| 020 | _a9786071512789 | ||
| 041 | _aESP | ||
| 082 | _a658.404 AL348e5 | ||
| 100 |
_aAlcaraz Rodríguez, Rafael _96131 |
||
| 245 | _aEl emprendedor de éxito | ||
| 250 | _a5 edición | ||
| 260 | _aMéxico | ||
| 260 | _bMcGraw-Hill | ||
| 260 | _c2015 | ||
| 300 | _a328 páginas | ||
| 490 | _aDirección y Administración de Empresas | ||
| 650 | _aGERENCIA DE PROYECTOS | ||
| 650 | _aADMINISTRACION DE PROYECTOS | ||
| 650 | _aEMPRENDEDOR | ||
| 650 | _aCREATIVIDAD | ||
| 650 | _aTRABAJO EN EQUIPO | ||
| 650 | _aPROPUESTA DE VALOR | ||
| 650 | _aMODELO DE NEGOCIO | ||
| 650 | _aNATURALEZA DEL PROYECTO | ||
| 650 | _aNEGOCIOS | ||
| 650 | _aEL MERCADEO | ||
| 650 | _aPRODUCCIÓN | ||
| 650 | _aORGANIZACIÓN | ||
| 650 | _aPLAN DE TRABAJO | ||
| 650 | _aRESUMEN EJECUTIVO | ||
| 650 | _aANEXOS DEL PLAN DE NEGOCIOS | ||
| 650 | _aPRESENTACIÓN DE PLANES DE NEGOCIOS | ||
| 650 | _aFINANZAS | ||
| 650 | _aEMPRENDEDURISMO | ||
| 650 | _aCREATIVIDAD | ||
| 650 | _aTRABAJO EN EQUIPO | ||
| 942 |
_cBK _2ddc |
||
| 999 |
_c7749 _d7749 |
||